| 000 | 00461nam a22001817a 4500 | ||
|---|---|---|---|
| 003 | CEME | ||
| 005 | 20210628202829.0 | ||
| 008 | 210118b xxu||||| |||| 00| 0 eng d | ||
| 020 | _a81-85749-90-6 | ||
| 040 | _c. | ||
| 082 | _a621.4022 KUM | ||
| 100 |
_aKumar, D.S. Dr _961828 |
||
| 245 | _aHeat and mass transfer, si units | ||
| 260 |
_aNEW DELHI _bS.K.KATARIA _c2005 |
||
| 300 | _a650 P | ||
| 650 |
_aHEAT TRANSFER.MASS TRANFER _961829 |
||
| 942 |
_cBK _2ddc |
||
| 999 |
_c571146 _d571146 |
||